La cultura femenina en la época colonial /

Guardado en:
Autor Principal: Furlong, Guillermo
Formato: Libro
Publicado: Argentina : Kapelusz, 1951
Materias:
Etiquetas: Agregar Etiqueta
Sin Etiquetas, Sea el primero en etiquetar este registro!
LEADER 00551nam a22001935a 4500
001 CEM.cems002640
005 19000101000000.0
008 130507s1951##################000#0#####d
003 CEMS
082 0 4 |a 375.98003 
100 1 |a Furlong, Guillermo 
245 1 0 |a La cultura femenina en la época colonial / 
260 |a Argentina :  |b Kapelusz,  |c 1951 
300 |a 262 p. 
653 |a Educacion 
653 |a Educacion argentina 
653 |a Educacion colonial 
653 |a Historia argentina 
859 |a CEMS  |b BIB. CEMS - 11 de abril  |h 375.98003  |i F979  |p 9975.81  |t Ej.1